TEXT BOOK OF HUMAN OSTEOLOGY (Record no. 8283)

MARC details
000 -LEADER
fixed length control field 00342nam a22001577a 4500
003 - CONTROL NUMBER IDENTIFIER
control field SGT
082 ## - DEWEY DECIMAL CLASSIFICATION NUMBER
Classification number 611
Item number T11S
100 ## - MAIN ENTRY--PERSONAL NAME
Personal name SINGH, INDERBIR
245 ## - TITLE STATEMENT
Title TEXT BOOK OF HUMAN OSTEOLOGY
250 ## - EDITION STATEMENT
Edition statement 3RD
260 ## - PUBLICATION, DISTRIBUTION, ETC. (IMPRINT)
Place of publication, distribution, etc DELHI
Name of publisher, distributor, etc JAPEE BROTHER
Year of Publication 2011
300 ## - PAGE DESCRIPTION
No. of Pages 342
650 ## - SUBJECT ADDED ENTRY--TOPICAL TERM
Topical term or geographic name as entry element OSTEOLOGY
653 ## - KEYWORDS--INDEX TERM
Keyword term HUMAN OSTEOLOGY
942 ## - ADDED ENTRY ELEMENTS (KOHA)
Source of classification or shelving scheme Dewey Decimal Classification
Koha item type Books
942 ## - ADDED ENTRY ELEMENTS (KOHA)
-- 13
Holdings
Withdrawn status Lost status Source of classification or shelving scheme Damaged status Not for loan Collection code Home library Current library Shelving location Date acquired Vendor Name Cost, normal purchase price SGTU Bill Number Total Checkouts Full call number Accession No. (Barcode) Date last seen Bill Date Koha item type Date last borrowed
    Dewey Decimal Classification     AYURVEDA SGT FA-FP Library SGT FA-FP Library Text Book 02/03/2016 AHUJA 350.00 SGTU 6404   611 T11S FA2801 02/03/2016 22/12/2015 Books  
    Dewey Decimal Classification     AYURVEDA SGT FA-FP Library SGT FA-FP Library Text Book 02/03/2016 AHUJA 350.00 SGTU 6404 2 611 T11S FA2802 19/09/2023 22/12/2015 Books 19/09/2023
    Dewey Decimal Classification     AYURVEDA SGT FA-FP Library SGT FA-FP Library Text Book 02/03/2016 AHUJA 350.00 SGTU 6404   611 T11S FA2803 02/03/2016 22/12/2015 Books  
    Dewey Decimal Classification     AYURVEDA SGT FA-FP Library SGT FA-FP Library Text Book 02/03/2016 AHUJA 350.00 SGTU 6404 5 611 T11S FA2804 11/03/2025 22/12/2015 Books 07/03/2025
    Dewey Decimal Classification     AYURVEDA SGT FA-FP Library SGT FA-FP Library Text Book 02/03/2016 AHUJA 350.00 SGTU 6404 3 611 T11S FA2805 04/10/2023 22/12/2015 Books 18/09/2023
    Dewey Decimal Classification     AYURVEDA SGT FA-FP Library SGT FA-FP Library Text Book 02/03/2016 AHUJA 350.00 SGTU 6404 2 611 T11S FA2806 29/09/2023 22/12/2015 Books 16/09/2023
    Dewey Decimal Classification     AYURVEDA SGT FA-FP Library SGT FA-FP Library Text Book 02/03/2016 AHUJA 350.00 SGTU 6404 1 611 T11S FA2807 11/04/2022 22/12/2015 Books 06/01/2020
    Dewey Decimal Classification     AYURVEDA SGT FA-FP Library SGT FA-FP Library Text Book 02/03/2016 AHUJA 350.00 SGTU 6404 2 611 T11S FA2808 03/10/2023 22/12/2015 Books 16/09/2023
    Dewey Decimal Classification     AYURVEDA SGT FA-FP Library SGT FA-FP Library Text Book 02/03/2016 AHUJA 350.00 SGTU 6404   611 T11S FA2809 02/08/2018 22/12/2015 Books  
    Dewey Decimal Classification     AYURVEDA SGT FA-FP Library SGT FA-FP Library Text Book 02/03/2016 AHUJA 350.00 SGTU 6404   611 T11S FA2810 02/03/2016 22/12/2015 Books